000 00598nam a2200205Ia 4500
003 OSt
005 20220925210453.0
006 a|||||r|||| 00| 0
007 ta
008 220923b |||||||| |||| 00| 0 eng d
037 _cGeneral Book
040 _aRTL
_cRTL
_beng
041 _2eng
_aeng
082 _aY:5.2sN81, M1
100 _aCensus of India, 1981
245 0 _aPopulation by biblingualism (Table C-B). V. 1, Pt. IV-B
_b India
260 _aIndia
_bGovt. Press
_c1981
942 _hY:5.2sN81, M1
_cGB
_2CC
999 _c555177
_d555177